Statistics for Dansk Trivia #2

Click here to take the quiz!

General Stats

  • This quiz has been taken 301 times
  • The average score is 7 of 10

Answer Stats

SpørgsmålSvar% Correct
Den danske musiker Kim Larsen har tidligere været forsanger i en populær rockgruppe i 1970'erne. Hvad hed denne gruppe?Gasolin'
93%
Hvilken tidligere dansk cykelrytter indrømmede i maj 2007 brug af dopingmidler?Bjarne Riis
77%
Danmark var i årerne 1397 til 1523 med i en union bestående af bl.a. kongerigerne Danmark, Norge og Sverige. Hvad hed denne union?Kalmarunionen
77%
Hvad hed den danske digter og forfatter, som bl.a. drev en kaffeplantage i Afrika i en årrække?Karen Blixen
71%
I december 2010 kunne befolkningen se en rasende politiker skælde ud på en journalist under et interview i DR Byen. Hvad hedder denne politiker?Bertel Haarder
68%
I september 2015 fik Danmark deres første astronaut i rummet. Hvad hedder han?Andreas Mogensen
64%
Hvilken dansk filminstruktør blev i maj 2011 erklæret 'persona non grata' ved filmfestivalen i Cannes efter særdeles uheldige udtalelser?Lars von Trier
60%
Hvad hed den danske astronom (1546 - 1601), som betragtes som en af grundlæggerne af den moderne observerende astronomi?Tycho Brahe
58%
Denne yderst populære danske hjemmeside i 2000'erne lukkede i juni 2016. Hvad hed siden?Arto
44%
I 1658 etablerede Danmark flere danske bosætninger på 'Den danske Guldkyst' som led i slavehandlen. Hvilket navn har dette land i dag?Ghana
43%

Score Distribution

Percentile by Number Answered

Percent of People with Each Score

Your Score History

You have not taken this quiz